000
00380nam a22001577a 4500
003
MPLRDC
005
20220104143825.0
008
210129b ||||| |||| 00| 0 eng d
082
_a
947.47 TZBEX-64 v.73
100
_a
藤子不二雄原著
245
_a
小叮当. 73
_c
260
_a
_b
小叮当出版社
_c
300
_b
平
650
_a
942
_c
BK
_o
947.47 TZBEX-64 v.73
999
_c
43697
_d
43687